| 000 | 00739nam a22002057a 4500 | ||
|---|---|---|---|
| 005 | 20140128143516.0 | ||
| 010 | _aB-369008-033 | ||
| 020 |
_a9788184081893 _c130.00 |
||
| 035 | _aB-369008-033 | ||
| 037 | _bIndiana Publishing House | ||
| 082 | _aS | ||
| 100 | _aMelville, Herman | ||
| 245 |
_aMoby Dick / _cby Herman Melville ; adapted by J. Thomas |
||
| 260 |
_aNew Delhi _bIndiana Publishing House _c2010(repr.). |
||
| 270 |
_a2/13, Ansari Road, Darya Ganj, _bNew Delhi _e110002 |
||
| 300 |
_ax, 238p.: _b ill. _c24cm(Hb) |
||
| 490 | _aIndiana Illustrated classics | ||
| 942 |
_2ddc _cCH _mMEL _hS |
||
| 999 |
_c32705 _d32705 |
||